02081nam a2200241Ia 4500001000600000003000900006008004100015040001300056040001300069041001300082100001900095100002900114245007100143245007100214250001100285260001100296260001300307260004900320300005700369500136100426650002101787650003101808H9857IT-RoPAU130308s9999 xx 000 0 und d aIT-RoPAU cIT-RoPAU aITALIANO aBertetto Paolo gCodice Aut. SPICS: 9253 aSpecchio e il simulacro (Lo). Il cinema nel mondo diventato favola bSpecchio e Il simulacro (Lo). Il Cinema nel Mondo Diventato Favola a1a ed. aMILANO bBompiani c2008 [1° Ed.:2008 - Ed.Ling.Originale:2008] a"274 p. (prefazione: no ; testo: 274 [pagine: 0-0])" a"Immaginario Simulacro: Fine Mondo Vero; immagine Filmica; Profilmico e messa in Scena; copia Differenziale di una copia Differenziale senza Originale; The Woman in The Window; Vertigo, simulacro del Soggetto e messa in Scena; seduzione e Fascinazione Spettatore. messa in scena e Simulazione: Jfk; Essai De simulation di Delire Cinematographique; King Kong; Simulazione, Simulare, simulazione Significante; Performance Nei Film di Warhol; Documentario tra Vertov, Flaherty e Rouch; simulazione e Mimesi; Apparenza e Somiglianza; Riconoscibilità e Somiglianza. configurazione della Luce: Oscurità Eluce; immagine Filmica e Visibilita'; rappresentazione Versus Configurazione; immagine Filmica e forme Visibili; immagine Oltre Mimesi; Effetto di Reale e Assenza Oggetto; Mulholland Drive. Monument Valley e immagine Mediatica: Modificazione del Senso; immagine e Invisibile. Specchio e immagine Riflessiva: Soggetto Vedente Visibile; Configurazioni immagine Allo Specchio; immagine Speculare e Riflessibilità Soggetto; Oltrepassamento immagine Speculare; immagine Speculare e costituzione Soggettività. immagine e forme Eidetiche: Idee e Incoscio; tipologie immagini Eidetiche; Eidetico e Avanguardia. immagine Filmica e Figurale: Figura, Figurale; Modi Figurale nel Cinema: Vinyl e a Clockwork Orange. immagine interpretativa Verità e Illusione." aSAGGI SUL CINEMA eCodice materia Spics: 6811